(Record no. 187952)
[ view plain ]
| 000 -LEADER | |
|---|---|
| fixed length control field | 00455nam a2200145Ia 4500 |
| 041 ## - LANGUAGE CODE | |
| Language code of text/sound track or separate title | Arabic |
| 082 ## - DEWEY DECIMAL CLASSIFICATION NUMBER | |
| Classification number | 361,5 cut-598 ق |
| 100 ## - MAIN ENTRY--PERSONAL NAME | |
| Personal name | 20260118u\\\\\\\\\\\y0engy0103\\\\ba |
| Personal name | د.صالح زيد قصيله |
| 245 #0 - TITLE STATEMENT | |
| Title | ضمانات الحماية الجنائية الدولية لحقوق الانسان |
| 250 ## - EDITION STATEMENT | |
| Edition statement | ط1 |
| 260 ## - PUBLICATION, DISTRIBUTION, ETC. (IMPRINT) | |
| Name of publisher, distributor, etc | دار النهضة العربية |
| Place of publication, distribution, etc | القاهرة - مصر |
| Date of publication, distribution, etc | 2009 |
| 300 ## - PHYSICAL DESCRIPTION | |
| Extent | 740 |
| 942 ## - ADDED ENTRY ELEMENTS (KOHA) | |
| Koha item type | Books |
No items available.